Promptuarium universorum operum Jacobi Cujacii (Record no. 8736)

MARC details
000 -CABECERA
campo de control de longitud fija 00871nam a2200217 a 4500
001 - NÚMERO DE CONTROL
campo de control BRCA_9086
005 - FECHA Y HORA DE LA ÚLTIMA TRANSACCIÓN
campo de control 20190320210522.0
008 - DATOS DE LONGITUD FIJA--INFORMACIÓN GENERAL
campo de control de longitud fija 110917s1763----sp-#######---#000-0#lat-#
041 ## - CÓDIGO DE LENGUA
Código de lengua del texto/banda sonora o título independiente lat
084 ## - OTRO NÚMERO DE CLASIFICACIÓN
Número de clasificación CO16
Número de documento/Ítem .C85 1763
100 1# - ENTRADA PRINCIPAL--NOMBRE DE PERSONA
Nombre de persona Cujas, Jacques
Fechas asociadas al nombre 1522 - 1590
9 (RLIN) 22455
245 10 - MENCIÓN DE TÍTULO
Título Promptuarium universorum operum Jacobi Cujacii
Resto del título variantibus inter se lectionibus praesertim titulorum, & legum florentinae, vulgataeque editionis Pandectarum sive Digestorum accommodatum
Mención de responsabilidad, etc. cura, et industria Dominici Albanensis.
260 ## - PUBLICACIÓN, DISTRIBUCIÓN, ETC.
Lugar de publicación, distribución, etc. Neapoli
Nombre del editor, distribuidor, etc. Ex typographia simoniana
Fecha de publicación, distribución, etc. 1763
300 ## - DESCRIPCIÓN FÍSICA
Extensión 738 p.
Dimensiones 38.3 x 26.3 cm
500 ## - NOTA GENERAL
Nota general Superiorum Facultate
500 ## - NOTA GENERAL
Nota general Estado físico: presenta encuadernación en pergamino con cantos decorados
650 14 - PUNTO DE ACCESO ADICIONAL DE MATERIA--TÉRMINO DE MATERIA
Término de materia o nombre geográfico como elemento de entrada Derecho romano
Subdivisión de forma Indices
9 (RLIN) 22430
700 1# - PUNTO DE ACCESO ADICIONAL--NOMBRE DE PERSONA
Nombre de persona Albanese, Domenico
Término indicativo de función/relación compilador
9 (RLIN) 22456
902 ## - CATALOGADOR
Iniciales CFM
942 ## - ELEMENTOS DE PUNTO DE ACCESO ADICIONAL (KOHA)
Fuente del sistema de clasificación o colocación Library of Congress Classification
Tipo de ítem Koha Libros
Holdings
Estado de retiro Estado de pérdida Estado dañado No para préstamo Localización permanente Ubicación/localización actual Fecha de adquisición Total de préstamos Signatura topográfica completa Código de barras Fecha visto por última vez Precio válido a partir de Tipo de ítem Koha
El ejemplar forma parte de la colección y puede ser consultado según las políticas vigentes.       Biblioteca del Museo Franz Mayer (Rogerio Casas-Alatriste) Biblioteca del Museo Franz Mayer (Rogerio Casas-Alatriste) 11/09/2017   CO16 .C85 1763 CFM00442 22/03/2019 22/03/2019 Libros